Statistics for Coldplay Songs: 2000-2015

Click here to take the quiz!

General Stats

  • This quiz has been taken 753 times
    (638 since last reset)
  • The average score is 36 of 82

Answer Stats

Hint Answer % Correct
Viva la Vida
92%
Yellow
91%
The Scientist
80%
Clocks
80%
Fix You
79%
Paradise
79%
A Head Full of Dreams (2015)A Head Full of Dreams
72%
Parachutes
70%
X&Y
69%
Mylo Xyloto (2011)Mylo Xyloto
69%
Charlie Brown
69%
Speed of Sound
67%
Adventure of a Lifetime
67%
A Rush of Blood to the Head
66%
Magic
65%
Trouble
65%
A Sky Full of Stars
63%
Princess of China
61%
Every Teardrop is a Waterfall
60%
Up&Up
58%
Hymn for the Weekend
57%
Violet Hill
56%
Talk
55%
O/Fly On
54%
Shiver
54%
In My Place
54%
Strawberry Swing
50%
Death and All His Friends
49%
Ink
49%
Parachutes (2000)Don't Panic
49%
God Put a Smile Upon Your Face
49%
Lovers in Japan/Reign of Love
48%
Birds
47%
A Rush of Blood to the Head (2002)Politik
47%
Viva la Vida or Death and All His Friends (2008)Life in Technicolor
47%
Amsterdam
46%
Everglow
45%
Hurts Like Heaven
43%
Lost!
42%
Sparks
42%
Spies
42%
Midnight
42%
Green Eyes
40%
Cemeteries of London
39%
The Hardest Part
37%
42
36%
True Love
36%
Fun
33%
Up With the Birds
33%
Us Against the World
32%
X & Y (2005)Square One
31%
What If
31%
White Shadows
31%
Everything's Not Lost
31%
Warning Sign
30%
Til Kingdom Come
30%
Army of One
30%
Major Minus
30%
Amazing Day
30%
Ghost Stories (2014)Always in My Head
30%
A Whisper
29%
High Speed
29%
Yes
29%
We Never Change
28%
Oceans
28%
M.M.I.X.
28%
Kaleidoscope
28%
Up in Flames
28%
Another's Arms
27%
Swallowed in the Sea
27%
Colour Spectrum
26%
A Message
25%
U.F.O.
25%
Don't Let it Break Your Heart
23%
Low
22%
Daylight
22%
Twisted Logic
22%
A Hopeful Transmission
20%
X Marks the Spot
15%
Life is For Living
13%
Chinese Sleep Chant
12%
The Escapist
10%

Score Distribution

Percentile by Number Answered

Percent of People with Each Score

Your Score History

You have not taken this quiz since the last reset